Les bus à Amiens - Statistiques

Statistiques générales
  • Ce quiz a été pris 133 fois
  • Le résultat moyen est 21 sur 87
Statistiques - réponses
Ligne Destinations % Correct
n1 Etouvie
91%
8 Etouvie
91%
11 Etouvie
91%
n2 IUT
71%
n2 La Paix
60%
8 Gare du Nord
53%
13 Gare du Nord
53%
14 Gare du Nord
53%
15 Gare du Nord
53%
16 Gare du Nord
53%
CDV Gare du Nord
53%
M1 (Navette marché 1) Gare du Nord
53%
M2 (Navette marché 2) Gare du Nord
53%
T39 Gare du Nord
53%
T49 Gare du Nord
53%
R61 Gare du Nord
53%
R62 Gare du Nord
53%
R63 Gare du Nord
53%
R65 Gare du Nord
53%
R66 Gare du Nord
53%
R68 Gare du Nord
53%
n4 Pole Licorne
53%
n3 Promenade
53%
n3 Centre Commercial Sud
49%
n1 Pole Jules Verne
48%
L Centre Commercial Nord
41%
5 Laënnec
40%
9 Laënnec
40%
15 Dury
36%
12 Bertangles
28%
n4 Longueau SNCF
28%
6 Görlitz
27%
16 Saveuse
25%
11 Saleux
23%
T40 Saleux
23%
9 Vers-sur-Selle
21%
T36 Vers-sur-Selle
21%
9 Allonville
20%
14 Petit Blangy
20%
7 (dimanche) La Blanche Tache
19%
12 Sains-en-Amiénois
19%
L CHU A. Picardie
15%
7 CHU A. Picardie
15%
10 CHU A. Picardie
15%
10 Centre Commercial Glisy
13%
13 Centre Commercial Glisy
13%
7 ZA La Blanche Tache
9%
9 La Haute Borne
8%
T44 Pont-de-Metz
8%
10 Boves M. Barbier
7%
T38 Boves M. Barbier
7%
L Pole d'Échanges Nord
7%
6 Pole d'Échanges Nord
7%
T36 Cite-Providence
5%
T44 (arrivée) Cité-Providence
5%
T42 College Edouard Lucas
5%
T43 Collège Edouard Lucas
5%
T37 Collège Jules Verne
5%
T47 Collège Jules Verne
5%
T41 La Providence
5%
M1 (Navette marché 1) Ambonne
4%
NAVT (Navette Toussaint) Ambonne
4%
T33 Chardin
4%
T40 Collège Jean-Marc Laurent
4%
T44 (départ) Collège Jean-Marc Laurent
4%
R68 Crématorium
4%
NAVT (Navette Toussaint) Elbeuf
4%
T43 General Foy
4%
T49 Guignemicourt
4%
M2 (Navette marché 2) Jacques Duclos
4%
T37 Le Ramponneau
4%
T45 Lycée La Hotoie
4%
T45 Pierre Corneille
4%
T33 Roland Douay
4%
R65 Saint-Vaast-en-Chaussée
4%
T47 Camon Miroir
3%
R64 Camon Miroir
3%
T38 Collège Joliot Curie
3%
R63 Creuse
3%
R64 (arrivée) Eglise de Camon
3%
T42 Gutenberg
3%
T39 Lycée du Paraclet
3%
R64 (départ) Mairie de Camon
3%
T41 Nicole Fontaine
3%
R66 Querrieu
3%
R62 Estrées-sur-Noye
1%
R61 Remiencourt
1%
Aucun quiz correspondant
Distribution des résultats
% des personnes avec chaque résultat
Percentile par nombre de réponses
Votre historique - résultats
Vous n’avez pas pris ce quiz